000 00650nam a2200241 a 4500
999 _c1984
_d1984
001 1984
003 BD-JhCC
005 20171028101036.0
008 171028s1983 n a|||| || | 001 0 eng d
035 _a(BD-JhCC)1984
040 _aBD-JhCC
_dBD-JhCC
041 _aeng
082 _a550
_bPAS 1983
100 _aPasachoff, Jay M.
245 _aEarth Science /
_cJay M. Pasachoff; Naomi Pasachoff and Timothy M. Cooney.
260 _aNew York :
_bScott Foresman and Company,
_c1983
300 _a498 p. :
_c24 cm.
650 _aEarth Science
700 _aPasachoff, Naomi
700 _aCooney, Timothy M.
942 _2ddc
_cBK